Statistics for Italy for experts

Click here to take the quiz!

General Stats

  • This quiz has been taken 83 times
  • The average score is 8 of 15

Answer Stats

HintAnswer% Correct
Island that should belong to ItalyCorsica
94%
The lake wich Manzoni talks aboutComo
77%
Festival of the italian musicSanremo
73%
Cut of meat used in carbonaraGuanciale
65%
Region that doesn't existMolise
61%
Peninsula that should belong to ItalyIstria
59%
Most far country from ItalyNew Zealand
56%
Typical Calabrian hot and spicy meatNduja
54%
National Holiday (Instauration of the republic)2 June
52%
Region that should belong to Italy(name of the royal family)Savoy
52%
Real inventor of the telephoneAntonio Meucci
46%
The city of violinsCremona
42%
Real name of CaravaggioMichelangelo Merisi
41%
The "4th mafia"Sacra Corona Unita
37%
One of the best italian bands (also the name of a bear)Pooh
31%

Score Distribution

Percentile by Number Answered

Percent of People with Each Score

Your Score History

You have not taken this quiz